LEADER 01796nam a2200361 a 4500 001 000000021065 003 CaOOAMICUS 005 20090422113313.0 008 950209s1564 it u000 u lat r 026 $ao-n- i,m.$bt.o- ExHa (3)$c1564 (R) 035 $a10518307 040 $aPUL(R)$bita$dBAV-R2$dARIA 100 1 $aMinturno, Antonio Sebastiano,$cvesc. di Cotrone,$d1500-1574.$0(OLS)http://pul/name/18197 245 10$aAntonii Sebastiani Minturni /$cPoemata Tridentina. 246 10$aPoemata Tridentina 260 $aVenetiis :$bapud Io. Andream Valvassorem,$c1564. 300 $a50 c. ;$c8° (16 cm) 500 $aSegnatura: A-F8 F2 611 24$aConcilium Tridentinum$d(1545-1563).$0(OLS)http://pul/subject/698 662 $aItalia$dVenezia.$0(OLS)http://pul/subject/34951 710 0 $aValvassori, Giovanni Andrea,$dfl.1530-1573$4pbl.$0(OLS)http://pul/name/71451 740 0 $aPoemata Tridentina. 773 0 $aMinturno, Antonio Sebastiano, ves. di Cotronee 1500-1574.$tAntonii Sebastiani Minturni.$dVenetiis : apud Io. Andream Valvassorem, 1564.$w()21064 850 $aPUL 852 $aPUL$W1$xDP1 Antico 500$y12$m30 G 22 int.2$j29602$nBK-PRI$qStampati Antico$B29602$CPULBib$Z2$F29602 $82 941 1 $a15 960 $aConcilio di Trento$d(1545-1563)$9698 961 $aINV: Legato con: De officiis ecclesiae ... 961 $aPrecedente appartenenza: Collegio Germanico - Bibl. Sup.Stemma dell'ordine dei Gesuiti (JHS) sul dorso Stemma di Gregorio XIII sul dorso 996 $6740$aPoemata Tridentina$9(OLS)http://pul/title/29558 996 $6245$aAntonii Sebastiani Minturni$9(OLS)http://pul/title/29555 996 $6246$aPoemata Tridentina$9(OLS)http://pul/title/29558 996 $6260$aVenetiis :$bapud Io. Andream Valvassorem$9(OLS)http://pul/publisher/56948 LEADER 01377nam a2200337 u 4500 001 000000041018 003 CaOOAMICUS 005 20070226114151.0 008 980915s1993 it u000 u ita u 020 $a8814041040 035 $a10803186 040 $aMSA$bita 100 1 $aBerlingò, Salvatore.$0(OLS)http://pul/name/23497 245 10$aCodice del diritto ecclesiastico /$cS. Berlingò, G. Casuscelli. 250 $a3. ed. 260 $aMilano :$bGiuffrè,$c1993. 300 $axii, 758 p. ;$c17 cm 500 $aContiene indici. 650 4$aDiritto ecclesiastico.$0(OLS)http://pul/subject/6 700 1 $aCasuscelli, Giuseppe.$0(OLS)http://pul/name/27321 850 $aPUL 852 $aPUL$W1$xDP2 Diritto e Scienze Sociali 2$y100$mUtrCiv E 36$j55632$nBK-PRI$qStampati altre collocazioni$B55632$CPULBib$Z2$F55632 $H88421 $82 852 $aPUL$W1$xDP1 Fondo G. Barberini$y122$m3 B 15$j100689$nBK-PRI$b2 copia$qfondi$B178640$CPULBib$Z2$F178640 $HBar1261 $82 941 1 $a1 941 1 $a10 960 $aDiritto e religione$96 960 $aDiritto e religione$96 961 $aINV: 88421 996 $6020$a8814041040$9(OLS)http://pul/number/51005 996 $6245$aCodice del diritto ecclesiastico$9(OLS)http://pul/title/49223 996 $6260$aMilano :$bGiuffrè$9(OLS)http://pul/publisher/48401